Szczegóły MARC21

Ekonomika i programowanie rozwoju przemysłu : (skrypt dla studentów III roku studiów stacjonarnych i zaocznych) : praca zbiorowa. Cz. 1 /

003 -Nazwa inst., której nr kontr. jest w polu 001 [,]
    • @
    • Nazwa instytucji, której n kontrolny jest w polu 001
    • NUKAT
005 -DATA I CZAS OSTATNIEJ MODYFIKACJI [,]
    • @
    • pole kontrolne
    • 20241231085315.0
040 -Instytucja sporządzająca opis [ , ]
    • a
    • Instytucja, która sporządziła opis (NP)
    • NUKAT
    • c
    • Instytucja, która sporządziła rekord (NP)
    • LUBL U/PAZ
    • d
    • Instytucja, która zmodyfikowała rekord (P)
    • LUBL U/MZ
    • d
    • Instytucja, która zmodyfikowała rekord (P)
    • LUBL U/MZs
942 -Rodzaj dokumentu [ , ]
    • c
    • Rodzaj dokumentu
    • Książka
245 -Strefa tytułu i oznaczenia odpowiedzialności [0,0]
    • a
    • Tytuł
    • Ekonomika i programowanie rozwoju przemysłu : Find
    • b
    • Ciąg dalszy tytułu (NP)
    • (skrypt dla studentów III roku studiów stacjonarnych i zaocznych) : praca zbiorowa. Find
    • n
    • Oznaczenie części (P)
    • Cz. 1 /
    • c
    • Pozostałe elementy strefy tytułu i oznaczenia odpowiedzialności (NP)
    • pod red. Władysława Janasza ; [rozdz. oprac. Marian Gołębiowski et al.].
260 -Strefa adresu wydawniczego [ , ]
    • a
    • Miejsce wydania (P)
    • Szczecin :
    • b
    • Nazwa wydawcy (P)
    • Wydawnictwo Naukowe Uniwersytetu Szczecińskiego,
    • c
    • Data wydania (P)
    • 1990.
300 -Strefa opisu fizycznego [ , ]
    • a
    • Określenie formy książki i/lub objętość (NP)
    • 356 s. :
    • b
    • Oznaczenie ilustracji (NP)
    • il. ;
    • c
    • Format (NP)
    • 24 cm.
336 -Typ zawartości [ , ]
    • a
    • Termin opisujący typ zawartości
    • Tekst
    • b
    • Kod określający zawartość
    • txt
    • 2
    • Źródło (terminu i kodu)
    • rdacontent
337 -Typ mediów [ , ]
    • a
    • Tryb odtwarzania
    • Bez urządzenia pośredniczącego
    • b
    • Kod typu mediów
    • n
    • 2
    • Źródło (terminu i kodu)
    • rdamedia
338 -Typ/rodzaj nośnika [ , ]
    • a
    • Hasło opisujące typ nośnika
    • Wolumin
    • b
    • Kod typu nośnika
    • nc
    • 2
    • Źródło (terminu i kodu)
    • rdacarrier
504 -Uwaga dot. bibliogr. załącznikowej [ , ]
    • a
    • Uwaga dot. bibliografii załącznikowej
    • Bibliogr. przy rozdz.
080 -Uniwersalna Klasyfikacja Dziesiętna [ , ]
    • a
    • Symbol klasyfikacji
    • 338.22
    • 9
    • UKD
    • 3215
    • 2
    • Identyfikator wydania tablic
    • UDC-P058
    • b
    • Dopowiedzenie
    • Ogólna polityka gospodarcza. Polityka inwestycyjna.
080 -Uniwersalna Klasyfikacja Dziesiętna [ , ]
    • a
    • Symbol klasyfikacji
    • :338.45
650 -Hasło przedmiotowe [ ,7]
    • a
    • Hasło przedmiotowe
    • Zarządzanie przedsiębiorstwem
    • v
    • Określnik formalny
    • podręczniki akademickie.
    • 2
    • Źródło terminu
    • kaba
    • 9
    • KHW
    • 352308
650 -Hasło przedmiotowe [ ,7]
    • a
    • Hasło przedmiotowe
    • Ekonomika przemysłu
    • v
    • Określnik formalny
    • podręczniki akademickie.
    • 2
    • Źródło terminu
    • kaba
    • 9
    • KHW
    • 359175
980 -Symbol UKD [ , ]
    • a
    • UKD
    • 338.22:338.45
700 -Hasło dodatkowe - nazwa osobowa [1, ]
    • a
    • Nazwa osobowa (NP)
    • Gołębiowski, Marian. Find
    • e
    • Określenie rodzaju współpracy
    • Oprac.
    • 9
    • KHW
    • 56082
700 -Hasło dodatkowe - nazwa osobowa [1, ]
    • a
    • Nazwa osobowa (NP)
    • Janasz, Władysław Find
    • d
    • Daty biograficzne (NP)
    • (1940- ).
    • e
    • Określenie rodzaju współpracy
    • Red.
    • 9
    • KHW
    • 43427
710 -Hasło dodatkowe - nazwa ciała zbiorowego [2, ]
    • a
    • Nazwa ciała zbiorowego lub nazwa geograficzna jako pierwszy element (NP)
    • Uniwersytet Szczeciński.
    • b
    • Nazwa jednostki podrzędnej (P)
    • Wydawnictwo Naukowe.
    • 4
    • Kod relacji
    • pbl
    • 9
    • KHW
    • 51208
Numer inwentarzowy Status udost. Data inwentaryzacji Lokalizacja
S.7029921996-09-18BE
E.59422-21996-09-18BE
S.7022321996-09-18BE
S.7022521996-09-18BE
S.7022721996-09-18BE
S.7022921996-09-18BE
S.7023121996-09-18BE
S.7023321996-09-18BE
S.7023521996-09-18BE
S.7023721996-09-18BE
S.7023921996-09-18BE
S.7024121996-09-18BE
S.7024321996-09-18BE
S.7024521996-09-18BE
S.7024721996-09-18BE
S.7024921996-09-18BE
S.7025121996-09-18BE
S.7025321996-09-18BE
S.7025521996-09-18BE
S.7025721996-09-18BE
S.7028321996-09-18BE
S.7028521996-09-18BE
S.7028721996-09-18BE
S.7028921996-09-18BE
S.7029121996-09-18BE
S.7029321996-09-18BE
S.7029521996-09-18BE
S.7029721996-09-18BE
S.7030121996-09-18BE
S.7030321996-09-18BE
S.7030521996-09-18BE
S.7030721996-09-18BE
S.7030921996-09-18BE
S.7031121996-09-18BE
S.7031321996-09-18BE
S.7031521996-09-18BE
S.7031721996-09-18BE
S.7408721996-09-18BE
S.74089-31996-09-18BE
S.7409121996-09-18BE
S.7768421996-09-18BE
S.7768521996-09-18BE
S.7894721996-09-19BE
S.7894821996-09-19BE
S.7894921996-09-19BE
S.7895021996-09-19BE
S.7895121996-09-19BE
S.7895221996-09-19BE
E.69402-22004-09-23BE
TS.70265-111996-09-18T
TS.70259-111996-09-18T
TS.70261-111996-09-18T
TS.70263-111996-09-18T
TS.70267-111996-09-18T
TS.70269-111996-09-18T
TS.70271-111996-09-18T
TS.70273-111996-09-18T
TS.70275-111996-09-18T
TS.70277-111996-09-18T
TS.70279-111996-09-18T
TS.70281-111996-09-18T
TS.70319-111996-09-18T
TS.70321-111996-09-18T
TS.70323-111996-09-18T
TS.70325-111996-09-18T
TS.70327-111996-09-18T
TS.70329-111996-09-18T
TS.70331-111996-09-18T
TS.70333-111996-09-18T
TS.70335-111996-09-18T
TS.70337-111996-09-18T
TS.70339-111996-09-18T
TS.70341-111996-09-18T
TS.74093-111996-09-18T
TS.74095-111996-09-18T
TS.74097-111996-09-18T